000 00673nam a2200217Ia 4500
008 240729s9999 xx 000 0 und d
022 _a2222-3436
245 0 _aSouth African Journal of Economic and Management Sciences
260 _aSouth Africa
260 _bAOSIS
650 _a Business | Social Sciences
650 _a Commerce
650 _a Economic theory. Demography
650 _a Economics as a science
650 _a Industries. Land use. Labor
650 _a Management. Industrial management | Social Sciences
650 _aSocial Sciences
856 _uhttps://doaj.org/toc/62d06bd2a0a74ad6b078fda7403199b7
942 _2ddc
942 _cDOAJEJ
999 _c73834
_d73834
945 _a1
_bMadushi Gamage
_c1
_dMadushi Gamage